Normal view
MARC view
- JAMAL, A. B
Entry Personal Name
001 - CONTROL NUMBER
- control field: 2980
003 - CONTROL NUMBER IDENTIFIER
- control field: OSt
005 - DATE AND TIME OF LATEST TRANSACTION
- control field: 20180303120127.0
008 - FIXED-LENGTH DATA ELEMENTS
- fixed length control field: 180303|| aca||aabn | a|a d
040 ## - CATALOGING SOURCE
- Original cataloging agency: OSt
- Transcribing agency: OSt
100 ## - HEADING--PERSONAL NAME
- Personal name: JAMAL, A. B
670 ## - SOURCE DATA FOUND
- Source citation: Work cat.: (OSt): JAMAL, A. B, Design and operation of a solar powered automatic drip irrigation system, 1991
